| 000 | 00929nam a22001697a 4500 | ||
|---|---|---|---|
| 008 | 100718s1963 xxu||||| |||| 00| 0 ara d | ||
| 082 |
_222 _a350.962 _bهـ ر ا |
||
| 100 | 1 |
_916351 _aالهراوى ، عبد السميع سالم |
|
| 245 |
_aلغة الأدارة العامة في مصر / _bفي القرن التاسع عشر : _cعبد السميع سالم الهراوى |
||
| 260 |
_aالقاهرة : _bالمجلس الأعلى لرعاية الفنون والآداب والعلوم الاجتماعية ، _c1963. |
||
| 300 |
_a531 ص ؛ _c24 سم. |
||
| 504 | _aيشتمل على ببليوجرافية ص 523-531 | ||
| 541 |
_aألف باء ؛ _cشراء ؛ |
||
| 650 |
_916373 _aمصر _xالادارة العامة |
||
| 942 |
_2ddc _cBB |
||
| 999 |
_c14496 _d14496 |
||